000 00998cam a2200301 a 4500
999 _c8162
_d8162
001 8162
003 BD-JhCC
005 20180728124825.0
008 830121s1983 caua b 000 0 eng
020 _a0803919913
035 _a(BD-JhCC)8162
040 _aDLC
_cDLC
_dDLC
_dOCoLC
_dDLC
_dBD-JhCC
041 _aeng
050 0 0 _aHT108
_b.U7 vol. 24
_aHD7293
082 0 0 _a307.7/6
_219
_bGRE 1983
245 0 4 _aThe Great housing experiment /
_cedited by Joseph Friedman and Daniel H. Weinberg.
260 _aBeverly Hills :
_bSage Publications,
_cc1983.
300 _a287 p. :
_bill. ;
_c23 cm.
440 0 _aUrban affairs annual reviews ;
_vv. 24
504 _aBibliography: p. 277-284.
650 0 _aHousing policy
_zUnited States.
650 0 _aHousing subsidies
_zUnited States.
700 1 _aFriedman, Joseph,
_d1944-
700 1 _aWeinberg, Daniel H.
856 4 2 _3Publisher description
_uhttp://www.loc.gov/catdir/enhancements/fy0660/83003062-d.html
942 _2ddc
_cBK